Gemeinden von Eferding - Statistiken

Allgemein
  • Dieses Quiz wurde 399 mal gespielt
  • Das Durchschnittsergebnis liegt bei 8 aus 12
Antworten auf der Karte
Die Antworten werden auf der Karte rot bzw. grün angezeigt, abhängig davon wie oft sie richtig erraten wurden.
 
Antwortstatistiken
Einwohner Gemeinde % Korrekt
4.127 Eferding
100%
6.087 Alkoven
84%
2.197 Aschach an der Donau
84%
2.397 Fraham
76%
4.067 Hartkirchen
70%
1.314 Haibach ob der Donau
67%
1.816 Pupping
65%
2.245 Scharten
62%
2.337 St. Marienkirchen/Polsenz
61%
2.932 Prambachkirchen
59%
1.586 Stroheim
51%
2.051 Hinzenbach
42%
Keine übereinstimmenden Quizze gefunden
Verteilung der Resultate
Anzahl Personen mit jedem Resultat
Perzentil nach korrekt beantworteten Fragen
Ihre Resultats-Entwicklung
Sie haben dieses Quiz noch nicht gespielt